| 000 | 00612nam a2200193Ia 4500 | ||
|---|---|---|---|
| 005 | 20251020182535.0 | ||
| 008 | 200515s9999 xx 000 0 und d | ||
| 082 | _a72.021/W52 | ||
| 100 | _aWESTGATE, Alice | ||
| 245 | 0 | _aGuía de colores para el hogar | |
| 260 | _aBarcelona | ||
| 260 | _c1999 | ||
| 500 | _a1 ejemplar | ||
| 520 | _aOfrece ilustrativos ejemplos de configuración, recetas para la mezcla ideal de las distintas combinaciones de tonalidades y un muestrario de colores que facilitan la elección de los matices | ||
| 650 | _aCOLOR | ||
| 650 | _aDECORACION | ||
| 650 | _aLIB | ||
| 942 | _cLIB | ||
| 999 |
_c2212 _d2212 |
||